Normal view
MARC view
Entry Personal Name
001 - CONTROL NUMBER
- control field: 240729
003 - CONTROL NUMBER IDENTIFIER
- control field: OSt
005 - DATE AND TIME OF LATEST TRANSACTION
- control field: 20250927095711.0
008 - FIXED-LENGTH DATA ELEMENTS
- fixed length control field: 250927|| aca||aabn | a|a d
040 ## - CATALOGING SOURCE
- Original cataloging agency: OSt
- Transcribing agency: OSt
100 ## - HEADING--PERSONAL NAME
- Personal name: KUBANURU BALAKRASHNA RAV.
- Dates associated with a name: ಕುಬನೂರು ಬಾಲಕೃಷ್ಣ ರಾವ್
670 ## - SOURCE DATA FOUND
- Source citation: Work cat.: (OSt)82023: KUBANURU BALAKRASHNA RAV. ಕುಬನೂರು ಬಾಲಕೃಷ್ಣ ರಾವ್ , Yakshagana., 1973